Guía de remedios curativos (Registro nro. 10611)

Detalles MARC
000 -Cabecera
Campo de control de longitud fija 00572nam a22002417a 4500
005 - Fecha y hora de la última transacción
Campo de control 20250722134332.0
008 - Elementos de longitud fija--Información general
Campo de control de longitud fija 180430b2003 xxu||||| |||| 00| 0 spa d
020 ## - International Standard Book Number
Número Internacional Estándar del Libro (ISBN) 1405414197
041 ## - Idioma
Código de idioma Español
082 ## - Clasificación Decimal Dewey
Número de clasificación 615.5 G943g
245 ## - Título propiamente dicho
Título Guía de remedios curativos
260 ## - Pie de imprenta
Lugar de publicación, distribución, etc. España
260 ## - Pie de imprenta
Nombre del editor, distribuidor, etc. Parragon
260 ## - Pie de imprenta
Fecha de publicación, distribución, etc. 2003
300 ## - Descripción física
Extensión 256 páginas
490 ## - Serie
Título de la Serie Temática General
650 ## - Materia general
Temática (materia general) REMEDIOS CURATIVOS
650 ## - Materia general
Temática (materia general) HOMEOPATÍA
650 ## - Materia general
Temática (materia general) ACEITES ESENCIALES
650 ## - Materia general
Temática (materia general) CRISTALES
650 ## - Materia general
Temática (materia general) REMEDIOS CASEROS
942 ## - Punto de acceso adicional KOHA
Tipo de ítem KOHA Libro
Fuente del sistema de clasificación o colocación Dewey Decimal Classification
Existencias
Signatura completa Código de barras Programa Académico Tipo de ítem
615.5 G943g 23196 Temática General Libro